000 00752nam a2200217Ii 4500
003 JO-AjNU
008 230605s9999||||xx |||||||||||||| ||und||
020 _a978-9953-36-310-2
040 _aJO-AjNU
_bara
_erda
_cJO-AjNU
041 _aara
050 1 4 _aPJ7862 2009
100 3 _aتأليف أبو الهيجاء، عمر,
_eauthor
_950173
245 0 0 _aعلى مهلك أيها الليل
250 _aط1
264 3 1 _aبيروت:المؤسسة العربية للدراسات والنشر،2009 ؛ عمان:دار الفارس للنشر والتوزيع،2009
300 _a273ص
336 _atext
_btxt
_2rdacontent
337 _aunmediated
_bn
_2rdamedia
338 _avolume
_bnc
_2rdacarrier
650 4 _aالشعر العربي
_950174
999 _aA22085
_c25653
_d25653